[Event "SonFlow Cup"]
[Site "Kolding"]
[Date "2024.04.12"]
[Round "1"]
[White "Hector, Jonny"]
[Black "Skytte, Rasmus"]
[Result "0-1"]
[WhiteElo "2425"]
[BlackElo "2345"]
[PlyCount "90"]
[EventDate "2024.04.12"]
[EventType "swiss"]
[EventRounds "5"]
[EventCountry "DEN"]
[SourceTitle "CB17_2024"]
[SourceDate "2024.04.24"]
[SourceVersion "1"]
[SourceVersionDate "2024.04.24"]
[SourceQuality "1"]

1. e4 c5 2. Nf3 Nc6 3. d4 cxd4 4. Nxd4 g6 5. Nc3 Bg7 6. Be3 Nf6 7. Bc4 0-0 8. Bb3 Re8 9. f3 d5 10. Bxd5 Nxd5 11. exd5 Nb4 12. Nde2 Bf5 13. Rc1 Qa5 14. g4 Bd7 15. Qd2 e6 16. d6 Bc6 17. 0-0 Rad8 18. Ng3 Nd5 19. Nce4 Qxd2 20. Bxd2 f5 21. gxf5 exf5 22. c4 Bd4+ 23. Nf2 Ne3 24. Rfe1 Bxf3 25. Bc3 Rxd6 26. Bxd4 Rxd4 27. Rc3 f4 28. Ne2 Bxe2 29. Rxe2 Red8 30. h3 Rd2 31. Rxd2 Rxd2 32. Rb3 b6 33. c5 bxc5 34. Ne4 Rc2 35. Rb7 f3 36. Rxa7 Rg2+ 37. Kh1 f2 38. Nxf2 Rxf2 39. Rb7 Nd1 40. a4 Rxb2 41. Rc7 Nf2+ 42. Kg2 Ra2 43. Kf3 Nxh3 44. Kg4 Nf2+ 45. Kg5 Ne4+ 0-1

[Event "Vaxjo op"]
[Site "Vaxjo"]
[Date "2024.02.09"]
[Round "4"]
[White "Crevatin, Leo"]
[Black "Hector, Jonny"]
[Result "1-0"]
[WhiteElo "2303"]
[BlackElo "2449"]
[PlyCount "76"]
[EventDate "2024.02.09"]
[EventType "swiss"]
[EventRounds "8"]
[EventCountry "SWE"]
[SourceTitle "CB07_2024"]
[SourceDate "2024.02.14"]
[SourceVersion "1"]
[SourceVersionDate "2024.02.14"]
[SourceQuality "1"]

1. d4 d5 2. c4 c6 3. cxd5 cxd5 4. Bf4 Nc6 5. e3 Nf6 6. Bb5 Bd7 7. Nc3 e6 8. Rc1 Be7 9. h3 0-0 10. Nf3 Ne4 11. 0-0 f5 12. Qe2 a6 13. Ba4 b5 14. Bd1 b4 15. Nxe4 fxe4 16. Ne5 Nxd4 17. exd4 Rxf4 18. Nc6 Qe8 19. Nxe7+ Qxe7 20. Qe3 Raf8 21. Be2 Qd6 22. Rc5 e5 23. b3 Kh8 24. Ra5 Bc8 25. Qd2 Bb7 26. dxe5 Qb6 27. Ra4 Rxf2 28. Rxf2 Qxf2+ 29. Kh2 a5 30. Rxa5 d4 31. Qxb4 Ba8 32. e6 e3 33. Bf3 Rg8 34. Rxa8 Rxa8 35. Bxa8 Qf4+ 36. g3 Qf2+ 37. Bg2 h6 38. e7 e2 1-0

[Event "Vaxjo op"]
[Site "Vaxjo"]
[Date "2024.02.09"]
[Round "1"]
[White "Hector, Jonny"]
[Black "Alsaied Ali, Firas"]
[Result "1-0"]
[WhiteElo "2449"]
[BlackElo "1867"]
[PlyCount "65"]
[EventDate "2024.02.09"]
[EventType "swiss"]
[EventRounds "8"]
[EventCountry "SWE"]
[SourceTitle "CB07_2024"]
[SourceDate "2024.02.14"]
[SourceVersion "1"]
[SourceVersionDate "2024.02.14"]
[SourceQuality "1"]

1. e4 d5 2. exd5 Qxd5 3. Nf3 Nf6 4. Be2 g6 5. 0-0 Bg7 6. c4 Qd8 7. d4 0-0 8. Nc3 b6 9. Bg5 Bb7 10. Qc2 Na6 11. Rad1 Qe8 12. Rfe1 h6 13. Bf4 c6 14. Bf1 Nh5 15. Be5 Qd7 16. Bxg7 Kxg7 17. Ne5 Qc7 18. a3 Nb8 19. d5 Nd7 20. Nxc6 Bxc6 21. dxc6 Qxc6 22. Rxe7 Nhf6 23. Nb5 a6 24. Nd4 Qc8 25. Ne6+ Kg8 26. Nxf8 Nxf8 27. Qc3 Qc6 28. Qf3 Qxf3 29. gxf3 Ne6 30. Rb7 a5 31. Rxb6 Ng5 32. Bg2 Rc8 33. Rxf6 1-0

[Event "Vaxjo op"]
[Site "Vaxjo"]
[Date "2024.02.09"]
[Round "3"]
[White "Hector, Jonny"]
[Black "Nilsson, Eskil"]
[Result "1-0"]
[WhiteElo "2449"]
[BlackElo "2117"]
[PlyCount "81"]
[EventDate "2024.02.09"]
[EventType "swiss"]
[EventRounds "8"]
[EventCountry "SWE"]
[SourceTitle "CB07_2024"]
[SourceDate "2024.02.14"]
[SourceVersion "1"]
[SourceVersionDate "2024.02.14"]
[SourceQuality "1"]

1. e4 c5 2. Nf3 d6 3. d4 cxd4 4. Nxd4 Nf6 5. Nc3 Nc6 6. Bg5 e6 7. Qd2 a6 8. 0-0-0 Bd7 9. f4 Be7 10. Nf3 b5 11. Bd3 b4 12. Ne2 0-0 13. h4 Ng4 14. Bxe7 Qxe7 15. Ng3 e5 16. f5 Rfc8 17. Bc4 Na5 18. Qxd6 Qxd6 19. Rxd6 Rxc4 20. Rxd7 Rac8 21. Kb1 Rxc2 22. Rhd1 h6 23. Rd8+ Kh7 24. Rxc8 Rxc8 25. b3 Nc6 26. Rc1 Ne7 27. Nf1 g6 28. fxg6+ Kxg6 29. Rd1 f5 30. Rd6+ Kf7 31. N1d2 fxe4 32. Nxe4 Rc6 33. Rd8 Ke6 34. Nfd2 Kf5 35. Rf8+ Ke6 36. h5 Nd5 37. Nc4 Nf4 38. Re8+ Kd5 39. Ng3 Kd4 40. Rd8+ Kc3 41. Ne4# 1-0

[Event "Copenhagen GoAudit op"]
[Site "Copenhagen"]
[Date "2023.11.10"]
[Round "1"]
[White "De Blecourt, Sandra"]
[Black "Hector, Jonny"]
[Result "0-1"]
[WhiteElo "2019"]
[BlackElo "2437"]
[PlyCount "78"]
[EventDate "2023.11.10"]
[EventType "swiss"]
[EventRounds "7"]
[EventCountry "DEN"]
[SourceTitle "CB47_2023"]
[SourceDate "2023.11.22"]
[SourceVersion "1"]
[SourceVersionDate "2023.11.22"]
[SourceQuality "1"]

1. d4 d5 2. c4 c6 3. cxd5 cxd5 4. Bf4 Nc6 5. e3 Bf5 6. Nc3 e6 7. Qb3 Bb4 8. a3 Bxc3+ 9. bxc3 Nge7 10. Nf3 0-0 11. Be2 Na5 12. Qb2 Rc8 13. Nd2 a6 14. 0-0 Rc6 15. Qb4 Re8 16. Rfc1 Ng6 17. Bg3 e5 18. dxe5 Nxe5 19. Bxe5 Rxe5 20. Nf3 Re4 21. Nd4 Rg6 22. Bf3 Rh4 23. Qc5 Be4 24. Bxe4 Rxe4 25. Rab1 b6 26. Qb4 Nc4 27. Rd1 h5 28. Nf3 Nd2 29. Rxd2 Rxb4 30. Rxb4 Qc8 31. Rxd5 Qxc3 32. Rbd4 f6 33. h4 Rg4 34. Rd8+ Kh7 35. R4d5 Kg6 36. R8d6 Re4 37. Rg5+ Kh6 38. Rxb6 Qc1+ 39. Kh2 Qc7+ 0-1

[Event "DEN-chT 2324 61st"]
[Site "Denmark"]
[Date "2023.10.28"]
[Round "1.1"]
[White "Hector, Jonny"]
[Black "Ochsner, Bjorn Moller"]
[Result "1/2-1/2"]
[WhiteElo "2436"]
[BlackElo "2537"]
[PlyCount "174"]
[EventDate "2023.10.28"]
[EventType "team-tourn"]
[EventRounds "9"]
[EventCountry "DEN"]
[SourceTitle "Mega2024 Update 01"]
[Source "Chessbase"]
[SourceDate "2023.11.12"]
[SourceVersion "1"]
[SourceVersionDate "2023.11.12"]
[SourceQuality "1"]
[WhiteTeam "Nordkalotten"]
[BlackTeam "Aarhus/Skolerne"]
[WhiteTeamCountry "DEN"]
[BlackTeamCountry "DEN"]

1. e4 c5 2. Nf3 d6 3. d4 cxd4 4. Nxd4 Nf6 5. Nc3 a6 6. Bg5 Nbd7 7. f4 Qc7 8. Qf3 b5 9. Bd3 Bb7 10. a3 g6 11. 0-0-0 Bg7 12. g4 h5 13. gxh5 Rxh5 14. h4 Nh7 15. Be2 Nxg5 16. hxg5 Rxh1 17. Qxh1 Qc5 18. Qg1 e5 19. fxe5 Nxe5 20. Nd5 Bxd5 21. exd5 Rc8 22. c3 Kf8 23. Qg3 Kg8 24. Bf1 Re8 25. Nb3 Qb6 26. Nd2 a5 27. Qf4 Nd7 28. Ne4 Be5 29. Qg4 Rd8 30. Kb1 b4 31. axb4 axb4 32. cxb4 Kg7 33. Nd2 Qa7 34. Nc4 Ra8 35. Na5 Qf2 36. Be2 Nb6 37. Rf1 Qe3 38. Qf3 Qxf3 39. Bxf3 Bf4 40. Rg1 Re8 41. Rg4 Be3 42. Nc6 Rh8 43. Rg3 Bf4 44. Rg4 Be3 45. Rg3 Rh4 46. Kc2 Bf4 47. Rg2 Rh3 48. Nd4 Be5 49. Bg4 Rh1 50. Nf3 Nxd5 51. Re2 Nxb4+ 52. Kb3 Nd3 53. Rd2 Nc5+ 54. Kb4 Ne4 55. Re2 Ng3 56. Rc2 Rf1 57. Ka5 Bf4 58. b4 Ne4 59. b5 Be3 60. Kb4 Rb1+ 61. Kc4 Bc5 62. Bd7 Nf2 63. Kd5 Nd3 64. Rc3 Nb4+ 65. Kc4 Rb2 66. Nd4 Na2 67. Rb3 Rd2 68. Nf3 Rc2+ 69. Kd3 Rf2 70. Ke4 Re2+ 71. Kf4 Nb4 72. Kg3 Nd5 73. Bc6 Nb6 74. Rd3 Rb2 75. Nd2 Ra2 76. Ne4 Nc4 77. Nxc5 dxc5 78. Rd5 Rb2 79. Rxc5 Nd6 80. Rd5 Nf5+ 81. Kf3 Rb4 82. Ke2 Kf8 83. Kd3 Ke7 84. Kc3 Rb1 85. Kc2 Rb4 86. Kc3 Rb1 87. Kc2 Rb4 1/2-1/2

[Event "Copenhagen Killer Chess op"]
[Site "Copenhagen"]
[Date "2023.10.21"]
[Round "8"]
[White "Haubro, Martin"]
[Black "Hector, Jonny"]
[Result "1-0"]
[WhiteElo "2405"]
[BlackElo "2436"]
[PlyCount "141"]
[EventDate "2023.10.14"]
[EventType "swiss"]
[EventRounds "9"]
[EventCountry "DEN"]
[SourceTitle "Mega2024 Update 01"]
[Source "Chessbase"]
[SourceDate "2023.11.12"]
[SourceVersion "1"]
[SourceVersionDate "2023.11.12"]
[SourceQuality "1"]

1. e4 e5 2. Nf3 Nc6 3. Bb5 a6 4. Ba4 Bc5 5. c3 Nge7 6. d4 exd4 7. cxd4 Bb4+ 8. Nc3 d5 9. e5 0-0 10. h3 Bf5 11. 0-0 Ba5 12. Be3 Bb6 13. Rc1 h6 14. Re1 f6 15. exf6 Rxf6 16. Ne5 Nxe5 17. dxe5 Rg6 18. Bb3 c6 19. Bxb6 Qxb6 20. Na4 Qb4 21. Re3 Rf8 22. Qe2 Qh4 23. Kh2 Bg4 24. Qe1 Rxf2 25. Kg1 Bxh3 26. Qxf2 Rxg2+ 27. Qxg2 Bxg2 28. Kxg2 Nf5 29. Rce1 Qg4+ 30. Kf2 Qf4+ 31. Rf3 Qh2+ 32. Kf1 Ng3+ 33. Rxg3 Qxg3 34. e6 Qf3+ 35. Kg1 Qg3+ 36. Kf1 Kf8 37. e7+ Ke8 38. Nc5 Qf4+ 39. Kg2 Qb4 40. Re2 Qxc5 41. Bc2 Qd6 42. Bf5 d4 43. Kh3 d3 44. Re6 Qxe6 45. Bxe6 Kxe7 46. Bf5 d2 47. Bc2 Kf6 48. Kg4 g5 49. Kf3 Ke5 50. Ke3 h5 51. Kxd2 Kf4 52. Ke2 g4 53. Kf2 a5 54. Bb3 h4 55. Be6 h3 56. Bc8 b6 57. Bd7 c5 58. a4 g3+ 59. Ke2 h2 60. Bc6 c4 61. Bg2 Ke5 62. Ke3 Kf5 63. Kf3 Ke5 64. Ke3 Kf5 65. Bh1 Ke5 66. Be4 c3 67. bxc3 b5 68. axb5 a4 69. b6 Kd6 70. b7 Kc7 71. Kd2 1-0

[Event "Copenhagen CC GM"]
[Site "Ballerup"]
[Date "2023.08.23"]
[Round "1"]
[White "Solodovnichenko, Yuri"]
[Black "Hector, Jonny"]
[Result "1-0"]
[WhiteElo "2510"]
[BlackElo "2466"]
[PlyCount "147"]
[EventDate "2023.08.23"]
[EventType "tourn"]
[EventRounds "9"]
[EventCountry "DEN"]
[EventCategory "6"]
[SourceTitle "CBM 215 Extra"]
[Source "ChessBase"]
[SourceDate "2023.09.30"]
[SourceVersion "1"]
[SourceVersionDate "2023.09.30"]
[SourceQuality "1"]

1. e4 e5 2. Nf3 Nc6 3. Nc3 Nf6 4. Bb5 Nd4 5. 0-0 c6 6. Bd3 Nxf3+ 7. Qxf3 d6 8. Bc4 Be6 9. Bxe6 fxe6 10. Ne2 Qd7 11. c4 Be7 12. d4 exd4 13. Nxd4 Bd8 14. Rd1 Bb6 15. e5 dxe5 16. Nb3 Qe7 17. Be3 0-0 18. c5 Bc7 19. Nd2 Nd5 20. Qg3 Rf5 21. Ne4 Raf8 22. Rac1 Qe8 23. h3 Qh5 24. Qg4 Qe8 25. Rd3 b5 26. cxb6 axb6 27. Bh6 R8f7 28. Rg3 Qd7 29. b4 Nxb4 30. Ng5 Nd5 31. Nxf7 Rxf7 32. Ra3 Bd6 33. Ra8+ Bf8 34. Bg5 c5 35. Re1 Rf5 36. Bc1 Nf6 37. Qe2 e4 38. Bb2 Qc6 39. Rd8 Kf7 40. Bxf6 Rxf6 41. Red1 c4 42. R1d7+ Be7 43. Qh5+ Rg6 44. Qh4 Rf6 45. Qh5+ Rg6 46. Qh4 Rf6 47. Qxh7 Qc5 48. Qxe4 Qxf2+ 49. Kh2 Qf4+ 50. Qxf4 Rxf4 51. Rb8 Kf6 52. Rxb6 Bc5 53. Rc6 Bd4 54. g4 Rf2+ 55. Kg3 Rd2 56. Kf3 Rd3+ 57. Ke4 Re3+ 58. Kxd4 Rd3+ 59. Kxc4 Rxd7 60. a4 Ra7 61. Kb5 Ke5 62. a5 Kd5 63. a6 e5 64. Rc1 e4 65. Kb6 Re7 66. a7 Re8 67. Ra1 e3 68. a8Q+ Rxa8 69. Rxa8 g5 70. Re8 Kd4 71. Kc6 Kd3 72. Kd5 e2 73. Rxe2 Kxe2 74. Ke4 1-0

[Event "Gothenburg Manhem"]
[Site "Gothenburg"]
[Date "2023.08.07"]
[Round "4"]
[White "Hector, Jonny"]
[Black "Olsson, William"]
[Result "1-0"]
[WhiteElo "2466"]
[BlackElo "2400"]
[PlyCount "113"]
[EventDate "2023.08.05"]
[EventType "tourn"]
[EventRounds "9"]
[EventCountry "SWE"]
[EventCategory "2"]
[SourceTitle "CBM 215 Extra"]
[Source "ChessBase"]
[SourceDate "2023.09.30"]
[SourceVersion "1"]
[SourceVersionDate "2023.09.30"]
[SourceQuality "1"]

1. e4 c5 2. c3 Nf6 3. e5 Nd5 4. d4 cxd4 5. Qxd4 e6 6. Nf3 Nc6 7. Qe4 d6 8. Bb5 Bd7 9. c4 Nb6 10. exd6 Bxd6 11. 0-0 a6 12. Rd1 axb5 13. Rxd6 Nxc4 14. Rd1 Qe7 15. Nc3 N6a5 16. b3 Nd6 17. Qc2 b4 18. Bf4 Nf5 19. Ne4 0-0 20. g4 Nh4 21. Nxh4 Qxh4 22. Rxd7 Qxg4+ 23. Bg3 f5 24. f3 Qxf3 25. Qc7 Qg4 26. Nf2 Qg6 27. Nd3 Rfc8 28. Qe5 Nc6 29. Qd6 Rd8 30. Nf4 Qe8 31. Rxd8 Nxd8 32. Re1 Ra6 33. Qb8 Qf8 34. Rd1 Nf7 35. Qxb7 Rd6 36. Rxd6 Qxd6 37. Qc8+ Nd8 38. Qc2 g5 39. Qd3 Qc5+ 40. Bf2 Qc1+ 41. Kg2 Qc6+ 42. Kf1 Nf7 43. Ne2 Nd6 44. Nd4 Qh1+ 45. Bg1 Qd5 46. Qg3 h6 47. Qf3 Ne4 48. Qh5 Kg7 49. Qe8 Nc5 50. Qc6 Qxc6 51. Nxc6 Nd3 52. Bd4+ Kh7 53. Be3 e5 54. Bd2 e4 55. Nxb4 Nc5 56. Be3 Nb7 57. Bb6 1-0

[Event "Copenhagen Obro CXU op"]
[Site "Copenhagen"]
[Date "2023.07.27"]
[Round "6"]
[White "Baasansuren, Erdene"]
[Black "Hector, Jonny"]
[Result "1/2-1/2"]
[WhiteElo "2278"]
[BlackElo "2481"]
[PlyCount "80"]
[EventDate "2023.07.24"]
[EventType "swiss"]
[EventRounds "9"]
[EventCountry "DEN"]
[SourceTitle "CBM 215 Extra"]
[Source "ChessBase"]
[SourceDate "2023.09.30"]
[SourceVersion "1"]
[SourceVersionDate "2023.09.30"]
[SourceQuality "1"]

1. d4 d5 2. c4 c6 3. Nf3 Nf6 4. Qc2 g6 5. cxd5 cxd5 6. Nc3 Bg7 7. Bf4 0-0 8. e3 Nc6 9. Be2 Bf5 10. Qb3 Na5 11. Qb4 Rc8 12. 0-0 Nh5 13. Be5 f6 14. Bc7 Qxc7 15. Nxd5 Nc6 16. Qc4 b5 17. Qb3 Be6 18. Nxc7 Bxb3 19. axb3 Rxc7 20. g4 Nf4 21. exf4 f5 22. Rfc1 Rfc8 23. Bxb5 Nxd4 24. Rxc7 Nxf3+ 25. Kg2 Rxc7 26. Kxf3 Bxb2 27. Ra2 fxg4+ 28. Kxg4 Bf6 29. Bc4+ Kg7 30. f5 h5+ 31. Kf4 g5+ 32. Ke4 Rc5 33. f4 a5 34. fxg5 Bxg5 35. Be6 h4 36. Kd4 Rb5 37. Ke4 Kf6 38. Kf3 Re5 39. Re2 Rxe2 40. Kxe2 Ke5 1/2-1/2

[Event "Copenhagen Obro CXU op"]
[Site "Copenhagen"]
[Date "2023.07.26"]
[Round "4"]
[White "Kistrup, Nicolai"]
[Black "Hector, Jonny"]
[Result "1/2-1/2"]
[WhiteElo "2339"]
[BlackElo "2481"]
[PlyCount "141"]
[EventDate "2023.07.24"]
[EventType "swiss"]
[EventRounds "9"]
[EventCountry "DEN"]
[SourceTitle "CBM 215 Extra"]
[Source "ChessBase"]
[SourceDate "2023.09.30"]
[SourceVersion "1"]
[SourceVersionDate "2023.09.30"]
[SourceQuality "1"]

1. d4 d5 2. c4 c6 3. Nf3 Nf6 4. e3 Bf5 5. Nc3 e6 6. Nh4 Be4 7. f3 Bg6 8. Qb3 Qc7 9. Bd2 a5 10. cxd5 Nxd5 11. Nxd5 cxd5 12. Bb5+ Nc6 13. Nxg6 hxg6 14. f4 Bd6 15. 0-0-0 Ke7 16. Kb1 Na7 17. Rc1 Qb6 18. Bd3 Qxb3 19. axb3 Nc6 20. Bb5 Nb4 21. h4 Rh7 22. Rh3 Rah8 23. Rch1 Kd8 24. Be2 Be7 25. Be1 Nc6 26. Bg3 Bb4 27. Kc2 Ne7 28. h5 gxh5 29. Rxh5 Rxh5 30. Rxh5 Rxh5 31. Bxh5 Nf5 32. Bf2 Nd6 33. Kd1 Ne4 34. Be1 Bxe1 35. Kxe1 Ke7 36. Bf3 Kd6 37. Bh5 g6 38. Be2 g5 39. Bd3 gxf4 40. exf4 Ng3 41. Kd2 Kc6 42. Kc3 Ne4+ 43. Kc2 f5 44. Be2 Ng3 45. Bf3 Kb5 46. Kc3 b6 47. Bd1 Ne4+ 48. Kc2 Ng3 49. Kc3 Kc6 50. Bf3 b5 51. Kd3 b4 52. Ke3 Kb5 53. Bd1 Kc6 54. Bf3 Kd6 55. Bd1 Ke7 56. Bf3 Kf6 57. Bd1 Ne4 58. g4 fxg4 59. Bxg4 Nd6 60. Bh3 a4 61. bxa4 Nc4+ 62. Ke2 b3 63. a5 Nxa5 64. Kd3 Nc4 65. Kc3 Nd6 66. Kxb3 Nb5 67. Kc2 Nxd4+ 68. Kd3 Nc6 69. Kc3 e5 70. fxe5+ Kxe5 71. Bg2 1/2-1/2

[Event "SWE-ch"]
[Site "Helsingborg"]
[Date "2023.07.06"]
[Round "6"]
[White "Hector, Jonny"]
[Black "Seo, Jung Min"]
[Result "1/2-1/2"]
[WhiteElo "2481"]
[BlackElo "2469"]
[PlyCount "92"]
[EventDate "2023.07.01"]
[EventType "tourn"]
[EventRounds "9"]
[EventCountry "SWE"]
[EventCategory "8"]
[SourceTitle "CBM 215 Extra"]
[Source "ChessBase"]
[SourceDate "2023.09.30"]
[SourceVersion "1"]
[SourceVersionDate "2023.09.30"]
[SourceQuality "1"]

1. e4 c5 2. Nf3 d6 3. d4 cxd4 4. Nxd4 Nf6 5. Nc3 a6 6. Bg5 Nbd7 7. f4 Qc7 8. Qf3 h6 9. Bxf6 Nxf6 10. f5 Qc5 11. Nb3 Qe5 12. Nd2 e6 13. 0-0-0 b5 14. Bd3 Bd7 15. Qe3 Be7 16. Rhe1 Rc8 17. Nf3 Qc5 18. Qxc5 dxc5 19. e5 Nh7 20. fxe6 Bxe6 21. Bxh7 Rxh7 22. Ne4 Rd8 23. Nd6+ Kf8 24. a3 h5 25. b4 cxb4 26. axb4 Rh6 27. h3 Rg6 28. Re2 Rh6 29. Rd4 g5 30. g4 hxg4 31. hxg4 Rh3 32. Ne1 Rh1 33. Kd2 Kg7 34. Nd3 Rg1 35. Ree4 Kg6 36. Nc5 Ra1 37. Nxe6 fxe6 38. Re2 Rf8 39. Rh2 Rg1 40. Kc3 Rf4 41. Rh8 Rxd4 42. Kxd4 Rxg4+ 43. Ke3 Rg3+ 44. Kd4 Rg4+ 45. Ke3 Rg3+ 46. Kd4 Rg4+ 1/2-1/2